000 00897nam a2200229 a 4500
001 BRCA_692
005 20190320203117.0
008 910812s1990 ie-a---##b---f000-0#eng-#
020 _a0901777218
040 _aDLC
_cDLC
_dDLC
050 4 _aNK937
_b.I75 1990
245 1 0 _aIrish Decorative Arts, 1550-1928
_bfrom the Collections of the National Museum of Ireland
_cedited by John Teahan.
260 _aDublin
_bNational Museum of Ireland
_c1990
300 _aXVI, 94 p.
_bil. (algunas a color)
_c28 cm.
500 _aIncluye glosario
500 _aCatálogo de la exposición realizada por National Museum of Irleand and the Smithsonian Institution Travelling Exhibition Service, 1990
504 _aBibliografía: p. 93-94
610 2 4 _aNational Museum (Irlanda)
_vExposiciones
_92282
650 1 4 _aArtes decorativas
_vExposiciones
_zIrlanda
_92283
700 1 _aTeahan, John
_92284
942 _2lcc
_cB
999 _c598
_d598